000 00515nam a2200181Ia 4500
008 240925s9999 xx 000 0 und d
020 _a47142901
082 _a005.1 BRA
100 _aBraude, Eric
245 0 _aSoftware Design: from programming to architecture
250 _aNA
260 _aNew Jersey:
_bJohn wiley & Sons
_c,2004.
300 _axlii,450p.
_bNA
_fOriginal
500 _aInclude Appendix
600 _aComputer Science
650 _aComputer science, information & general works
942 _cBK
999 _c9343
_d9343